Statistics for Swedish Left Party leaders

Click here to take the quiz!

General Stats

  • This quiz has been taken 2 times
  • The average score is 9 of 12

Answer Stats

YearAnswer% Correct
1964-1975C.-H. Hermansson
100%
1993-2003Gudrun Schyman
100%
2012-2020Jonas Sjöstedt
100%
2004-2012Lars Ohly
100%
1975-1993Lars Werner
100%
2020-Nooshi Dadgostar
100%
1951-1964Hilding Hagberg
50%
1921-1924Karl Kilbom
50%
1924-1929Nils Flyg
50%
1929-1951Sven Linderot
50%
2003-2004Ulla Hoffmann
50%
1917-1921Zeth Höglund
0%

Score Distribution

Percentile by Number Answered

Percent of People with Each Score

Your Score History

You have not taken this quiz